Movies Quiz

Random Movies or Musical Quiz

Movie Musicals Quiz Stats

Quiz Updated Feb 7, 2017

Challenge
Share
Tweet
Score 0/20 Timer 05:00
25 Plays Today
Movie Musical % Correct
Beauty and the Beast
96.8%
The Sound of Music
96.7%
Annie
89.7%
The King and I
80.8%
Mamma Mia
74.2%
Singin' In the Rain
74%
Moulin Rouge
69%
Little Shop of Horrors
66.5%
Fiddler on the Roof
66.2%
Cabaret
56.2%
Movie Musical % Correct
Jesus Christ Superstar
35.2%
Hello Dolly!
32.8%
1776
32%
Guys and Dolls
25.6%
Meet Me In St. Louis
23.9%
A Star is Born
21.1%
Show Boat
15%
Top Hat
14.8%
All That Jazz
13.3%
Yankee Doodle Dandy
12%

You're not logged in!

Compare scores with friends on all Sporcle quizzes.
Sign Up with Email
OR
Log In

You Might Also Like...

Show Comments

Extras

Top Quizzes Today


Score Distribution

Your Account Isn't Verified!

In order to create a playlist on Sporcle, you need to verify the email address you used during registration. Go to your Sporcle Settings to finish the process.